ANALISIS GEOECONOMICO: TEOCALTICHE

保存先:
書誌詳細
団体著者: Universidad de Guadalajara. Instituto de Geografía y Estadística
フォーマット: 図書
シリーズ:INSTITUTO DE GEOGRAFIA Y ESTADISTICA 31
タグ: タグ追加
タグなし, このレコードへの初めてのタグを付けませんか!

MARC

LEADER 00000nam^a2200000^a^4500
001 000214597
005 20250521000000.0
009 20260310103600.28
035 |a 027228 
037 |a Acervo Xavier Clavigero 
082 |a 313. 1  |b INS 
110 |a Universidad de Guadalajara.  |b Instituto de Geografía y Estadística 
245 1 0 |a ANALISIS GEOECONOMICO:  |b TEOCALTICHE 
264 |a Guadalajara, México :  |b INSTITUTO DE GEOGRAFIA Y ESTADISTICA,  |c 1979 
300 |a 79p. :  |b tbs. 
336 |a texto  |b txt  |2 rdacontenido 
337 |a sin mediación  |b n  |2 rdamedio 
338 |a volumen  |b nc  |2 rdasoporte 
440 |a INSTITUTO DE GEOGRAFIA Y ESTADISTICA 31 
649 |a XX 
910 |a Fondo General 
920 |a Impresos - Libros 
930 |a Colección General 
905 |a 101 
901 |a 027228  |b IT1  |c ACC  |i 027228  |u 20250521 
902 |a https://opac.biblio.iteso.mx/vufind/Record/000214597